Quizzes
Events
Quiz Creation
Community
Videos
Private Events
Remove Ads
Sign In
Join for FREE
Feedback
Dark Mode
Quiz Categories
Sports
Geography
Music
Movies
Television
Just For Fun
Miscellaneous
History
Literature
Language
Science
Gaming
Entertainment
Religion
Holiday
For Kids
Quiz Lab
Recent
Popular Today
Quiz Kudos Today
Editor Picks
Curator Picks
Quizzes by...
Day
Popularity
Type
Ratings
Length
Year
Community
Subscriptions
Recent Discussions
Orange Saloon
Badges
Playlists
Quests
Create
Leaderboards
Showdown
Live 5
Trivia Bingo
Activity
Puzzle Library
Sporcle Events
Private Events
Virtual Trivia
Globe League
Become a Host
Pub Owners
SporcleCon
Opinionation
Our Games
Videos
Blog
Mobile Apps
Partnerships
Remove Ads and Go Orange
Feedback
History
US Presidents
World Leaders
Politics
Nation
Discovery
War
Decade
Year
Century
Biography
Art
History
US Presidents
World Leaders
Politics
Nation
Discovery
War
Decade
Year
Century
Biography
Art
Random Quiz
Search Sporcle
×
Editor Pick
Editor Pick
History
War
Select answers by clicking on text or image buttons
Select answers by clicking on text or image buttons
Clickable
Best Score? Go Orange.
Killed in Action? Stats
Can you identify which people were killed in action or died from wounds received in battle?
By
Scuba_Steve
5m
15 Questions
2,654 Plays
2,654 Plays
2,654 Plays
Comments
Comments
Give Quiz Kudos
Give Quiz Kudos
-
- Ratings
hide this ad
More Info
Random Order
Randomize order of answers
Randomize order of answers
Replay
Link that replays current quiz
Next Quiz
Link to next quiz in quiz playlist
You Got
0%
They Got
Avg Score
63%
Avg Friend Score
Upgrade to see
Score Distribution
Jump to the score distribution portion of the page
Score
0/15
Timer
05:00
0
Plays Today
% Correct
George Custer
84.5%
Davy Crockett
77.9%
Leonidas I (of Sparta)
76.5%
Thomas 'Stonewall' Jackson
75.2%
Horatio Nelson
74.8%
Richard III (of England)
70.8%
Manfred von Richtofen
68%
Osama Bin Laden
67.8%
% Correct
Tecumseh
58.6%
Isoroku Yamamoto
54.7%
Harold Godwinson
54.4%
Gustavus Adolphus
52%
J.E.B. Stuart
51.8%
James IV (of Scotland)
48%
Richard Montgomery
32.3%
Quiz Playlist
Details
Report
Send in Message
Add To Playlist
More Info:
Half of these people died in battle or from wounds received when engaged with an enemy, the other half did not.
Clickable:
Select answers by clicking on text or image buttons
Random Order:
Randomize order of answers
Last Updated: Feb 16, 2017
Editor Pick in
History
Quiz Scoreboard
CHALLENGE
Sign Up to Join the Scoreboard
Show All
Scores
Hide
Comments
May contain spoilers
Recently Published
Alphabetical 'K' Countries by Flag Minefield
by ylime102
Geography
3m
Pick 6: Fruits
by JohnFran
Miscellaneous
15s
Click the 1999 NBA Draft
by nibperrychub
Sports
2m
More to Explore
Quiz From the Vault
Featured Blog Post
15 Basketball Trivia Facts You Can Be March Mad About
hide this ad
You Might Also Like...
Tags
War Quiz
battle
Historical Figures
Killed
Leader
Military
Today's Top Quizzes in History
Browse History
hide this ad
Today's Top Quizzes in War
Browse War
Top Contributed Quizzes in History
1
Mahatma Gandhi, This Is Your Life
2
George Washington, This Is Your Life
3
'NCAA' US History
4
Famous Spring Paintings
5
Marco Polo, This Is Your Life
6
Julius Caesar, This Is Your Life
7
John F. Kennedy, This Is Your Life
8
10 to 1: Generals by War
9
I Am Born On March 18th
10
Abraham Lincoln, This Is Your Life
Explore More
Trending Topics
Kpop
Anime
NBA
Crossword
Disney
Marvel
Harry Potter
Puzzle
Song
Country
The Office
Pokémon
WWE
Soccer
NFL
hide this ad
More By:
Scuba_Steve
Quiz
Plays
Rating
Category
Featured
Created
World War II (A-Z)
44,067
4.52
History
Mar 9, 2013
Celebrity NCAA Fans
43,106
4.30
Entertainment
Aug 29, 2014
Which Army?
40,001
4.64
History
Sep 4, 2013
World Leaders' Obituaries
35,364
4.50
History
Feb 5, 2014
Which National Air Force?
24,197
4.43
History
Aug 29, 2013
Go to Creator's Profile
Score Distribution
Quiz Creator Spotlight
Scuba_Steve
Follow
Send a Message
Quizzes Created
-
Created Quiz Play Count
-
More By This Creator
Popular Quizzes Today
1
Find the US States - No Outlines Minefield
2
Countries of Asia Without Outlines Minefield
3
Pick 6: Fruits
4
The Countries of the World
5
Alphabetical 'K' Countries by Flag Minefield
6
Find the US States
7
Click the 1999 NBA Draft
8
Match the Book to the Film X
More History Quizzes
On This Day: November 28th
Published
Trending Quizzes
Pick 6: Harry Potter
Pick 6: Mountains
Pick 6: NFL Teams
Pick 6: Movie Franchises
Pick 6: Golfers
Recently Updated
Women's Final Four Teams by Year
bhenderson79
Presidents Quartet II
eogle
Anything But Clue(do)
eogle
Anything But Oceanian Capitals
eogle
Anything But 7
eogle
Anything But Thing
eogle
Word Ladder: February 29
pecheneg
Song Title Questions
pecheneg
Women's NCAA Tournament #1 Seeds
pecheneg
Celebrity Mug Shots
pecheneg
Trending Topics
Harry Potter
Kpop
NBA
Crossword
Anime
Marvel
Disney
The Office
WWE
Soccer
Pokémon
Puzzle
Country
NFL
Song
Your Account Isn't Verified!
In order to create a playlist on Sporcle, you need to verify the email address you used during registration. Go to your
Sporcle Settings
to finish the process.
Report this User
Report this user for behavior that violates our
Community Guidelines
.
Details:
Send Report
Go to the Sporcle.com Mobile Site →
Comments